Eurovision Song Contest 2023 - Statistics

General Stats
  • This quiz has been taken 647 times
  • The average score is 46 of 74
Answer Stats
Country Act or Song % Correct
Swedish Act Loreen
90%
Swedish Song Tattoo
89%
Finnish Song Cha Cha Cha
88%
Norwegian Act Alessandra
84%
Norwegian Song Queen of Kings
84%
Israeli Song Unicorn
82%
Finnish Act Käärijä
80%
Polish Song Solo
76%
British Song I Wrote a Song
75%
Polish Act Blanka
73%
Croatian Song Mama ŠČ!
73%
Estonian Song Bridges
72%
Swiss Song Watergun
72%
Austrian Song Who the Hell Is Edgar?
72%
Spanish Song Eaea
71%
Czech Song My Sister's Crown
71%
German Song Blood & Glitter
70%
Serbian Act Luke Black
69%
British Act Mae Muller
69%
Slovenian Song Carpe Diem
68%
French Song Évidemment
68%
Ukrainian Song Heart of Steel
68%
Portuguese Act Mimicat
68%
Israeli Act Noa Kirel
68%
French Act La Zarra
67%
Belgian Song Because of You
66%
Czech Act Vesna
66%
Estonian Act Alika
65%
Belgian Act Gustaph
65%
Portuguese Song Ai coração
64%
Spanish Act Blanca Paloma
64%
Cypriotic Song Break a Broken Heart
64%
Maltese Song Dance (Our Own Party)
64%
Slovenian Act Joker Out
64%
Icelandic Song Power
64%
Australian Act Voyager
64%
Armenian Act Brunette
63%
Armenian Song Future Lover
63%
Irish Song We Are One
63%
Danish Song Breaking My Heart
62%
Albanian Song Duje
62%
Australian Song Promise
62%
Italian Song Due vite
61%
Serbian Song Samo mi se spava
61%
Latvian Song Aijā
60%
Croatian Act Let 3
60%
Lithuanian Song Stay
60%
Danish Act Reiley
59%
Ukrainian Act Tvorchi
58%
Austrian Act Teya and Salena
57%
Maltese Act The Busker
57%
Georgian Act Iru
56%
Romanian Song D.G.T. (Off and On)
55%
Georgian Song Echo
55%
Moldovan Song Soarele și luna
55%
Sammarinese Song Like an Animal
54%
Swiss Act Remo Forrer
54%
Latvian Act Sudden Lights
54%
Greek Song What They Say
54%
Dutch Song Burning Daylight
53%
German Act Lord of the Lost
53%
Italian Act Marco Mengoni
53%
Moldovan Act Pasha Parfeni
50%
Azerbaijani Song Tell Me More
50%
Cypriotic Act Andrew Lambrou
48%
Icelandic Act Diljá
48%
Irish Act Wild Youth
45%
Lithuanian Act Monika Linkytė
44%
Romanian Act Theodor Andrei
41%
Azerbaijani Act TuralTuranX
41%
Sammarinese Act Piqued Jacks
40%
Greek Act Victor Vernicos
40%
Dutch Act Mia Nicolai and Dion Cooper
36%
Albanian Act Albina & Familja Kelmendi
33%
No matching quizzes found
Score Distribution
Percent of People with Each Score
Percentile by Number Answered
Your Score History
You have not taken this quiz